The British Seaborne Empire : (Record no. 618362)

MARC details
000 -LEADER
fixed length control field 00503nam a2200193 a 4500
008 - FIXED-LENGTH DATA ELEMENTS--GENERAL INFORMATION
fixed length control field 260330s2004##################000#0#eng##
020 ## - INTERNATIONAL STANDARD BOOK NUMBER
ISBN 9780300103861
082 04 - DEWEY DECIMAL CLASSIFICATION NUMBER
Classification number 359.00941
Item number BLA
100 1# - MAIN ENTRY--AUTHOR NAME
Personal name Black, Jeremy,
245 10 - TITLE STATEMENT
Title The British Seaborne Empire :
260 ## - PUBLICATION, DISTRIBUTION, ETC. (IMPRINT)
Name of publisher Yale University Press,
Year of publication 2004.
300 ## - PHYSICAL DESCRIPTION
Number of Pages 448 pages
650 #0 - SUBJECT ADDED ENTRY--TOPICAL TERM
Topical Term History.
942 ## - ADDED ENTRY ELEMENTS (KOHA)
Koha item type English Books
Holdings
Withdrawn status Lost status Damaged status Not for loan Home library Current library Shelving location Date acquired Full call number Accession Number Price effective from Koha item type
        Anna Centenary Library Anna Centenary Library 4TH FLOOR, A WING 30.03.2026 359.00941 BLA 124867 30.03.2026 English Books

Find us on the map